Principles of the Theory of Solids (Record no. 8342)

MARC details
000 -LEADER
fixed length control field 00576nam a22002177a 4500
003 - CONTROL NUMBER IDENTIFIER
control field OSt
005 - DATE AND TIME OF LATEST TRANSACTION
control field 20250909020003.0
008 - FIXED-LENGTH DATA ELEMENTS--GENERAL INFORMATION
fixed length control field 240520b |||||||| |||| 00| 0 eng d
020 ## - INTERNATIONAL STANDARD BOOK NUMBER
International Standard Book Number 0521297338
040 ## - CATALOGING SOURCE
Transcribing agency DDC
082 ## - DEWEY DECIMAL CLASSIFICATION NUMBER
Classification number 530.41 ZIM 1972
100 ## - MAIN ENTRY--PERSONAL NAME
Personal name Ziman, J.M.
9 (RLIN) 16986
245 ## - TITLE STATEMENT
Title Principles of the Theory of Solids
250 ## - EDITION STATEMENT
Edition statement 2nd ed.
260 ## - PUBLICATION, DISTRIBUTION, ETC. (IMPRINT)
Place of publication, distribution, etc. Cambridge University Press, 1972
300 ## - PHYSICAL DESCRIPTION
Extent xiii,435p;
Other physical details Ill:
Dimensions 23cm
504 ## - BIBLIOGRAPHY, ETC. NOTE
Bibliography, etc Bibliography, & index included
650 ## - SUBJECT ADDED ENTRY--TOPICAL TERM
Topical term or geographic name as entry element Solids
9 (RLIN) 4957
650 ## - SUBJECT ADDED ENTRY--TOPICAL TERM
Topical term or geographic name as entry element Nanoscience
9 (RLIN) 16987
942 ## - ADDED ENTRY ELEMENTS (KOHA)
Source of classification or shelving scheme Dewey Decimal Classification
Koha item type Open Shelf
Koha issues (borrowed), all copies 1
Holdings
Withdrawn status Lost status Source of classification or shelving scheme Damaged status Not for loan Home library Current library Date acquired Source of acquisition Inventory number Total Checkouts Full call number Barcode Date last seen Koha item type Date last checked out
    Dewey Decimal Classification     MUST Main Library MUST Main Library 20/05/2024 Purchase 05/24540   530.41 ZIM 1972 2024-0205 20/05/2024 Open Shelf  
    Dewey Decimal Classification     MUST Main Library MUST Main Library 20/05/2024 Purchase 05/24541 1 530.41 ZIM 1972 2024-0206 18/09/2025 Open Shelf 08/09/2025